|
|
|
|
| LEADER |
00000nam0a2200000 4500 |
| 001 |
56989 |
| 005 |
20231031054020.0 |
| 010 |
|
|
|a 5756702563
|
| 035 |
|
|
|a (RuTPU)RU\TPU\book\59953
|
| 090 |
|
|
|a 56989
|
| 100 |
|
|
|a 20031020d2003 m y0rusy50 ca
|
| 101 |
0 |
|
|a rus
|
| 102 |
|
|
|a RU
|
| 105 |
|
|
|a y j 001zy
|
| 200 |
1 |
|
|a Современный рекламный менеджмент
|e учебное пособие
|f Т. А. Бороноева
|
| 210 |
|
|
|a Москва
|c Аспект Пресс
|d 2003
|
| 215 |
|
|
|a 143 с.
|
| 320 |
|
|
|a Библиогр.: с. 140-141
|
| 610 |
1 |
|
|a экономика
|
| 610 |
1 |
|
|a реклама
|
| 610 |
1 |
|
|a рекламный менеджмент
|
| 610 |
1 |
|
|a управление
|
| 610 |
1 |
|
|a рекламная кампания
|
| 610 |
1 |
|
|a рекламная деятельность
|
| 610 |
1 |
|
|a СМИ
|
| 610 |
1 |
|
|a Интернет-реклама
|
| 610 |
1 |
|
|a баннерная реклама
|
| 675 |
|
|
|a 659(075.8)
|v 3
|
| 700 |
|
1 |
|a Бороноева
|b Т. А.
|g Татьяна Анатольевна
|
| 801 |
|
1 |
|a RU
|b 63413507
|c 20031020
|g PSBO
|
| 801 |
|
2 |
|a RU
|b 63413507
|c 20230502
|g PSBO
|
| 900 |
|
|
|a Правовое регулирование рекламной деятельности
|
| 900 |
|
|
|a Рекламный менеджмент
|
| 900 |
|
|
|a Информационные технологии в рекламе
|
| 900 |
|
|
|a Правовой статус средств массовой информации
|
| 900 |
|
|
|a Правовое регулирование деятельности в связях с общественностью
|
| 942 |
|
|
|c BK
|